<?xml version="1.0" encoding="UTF-8"?>
<marc:record xmlns:marc="http://www.loc.gov/MARC21/slim">
   <marc:leader>00000nam a2200000 a 4500</marc:leader>
   <marc:datafield ind1=" " ind2=" " tag="653">
      <marc:subfield code="a">Lernen/Lektüren</marc:subfield>
   </marc:datafield>
   <marc:datafield ind1=" " ind2=" " tag="653">
      <marc:subfield code="a">Interpretationen</marc:subfield>
   </marc:datafield>
   <marc:datafield ind1=" " ind2=" " tag="653">
      <marc:subfield code="a">Lektürehilfen/Deutsch</marc:subfield>
   </marc:datafield>
   <marc:datafield ind1="0" ind2="0" tag="245">
      <marc:subfield code="a">Faust</marc:subfield>
   </marc:datafield>
   <marc:datafield ind1="0" ind2="0" tag="245">
      <marc:subfield code="c">Text von Franz Specht. Aufgaben von Carola Heine und Elisabeth Lazarou</marc:subfield>
   </marc:datafield>
   <marc:datafield ind1=" " ind2="1" tag="264">
      <marc:subfield code="a">Ismaning</marc:subfield>
      <marc:subfield code="b">Hueber</marc:subfield>
      <marc:subfield code="c">2010</marc:subfield>
   </marc:datafield>
   <marc:datafield ind1=" " ind2=" " tag="250">
      <marc:subfield code="a">1. Aufl., 1. Dr.</marc:subfield>
   </marc:datafield>
   <marc:datafield ind1="1" ind2=" " tag="520">
      <marc:subfield code="a">Angaben aus der Verlagsmeldung

Lesehefte Deutsch als Fremdsprache - Niveaustufe A2 - Dr. Faust : Deutsch als Fremdsprache - Niveaustufe A2 /Leseheft mit eingelegter Audio-CD / von Franz Specht

Ein Mann will wissen, wie die Welt funktioniert. Er will sie ‚beherrschen’ können. Die Erkenntnis der eigenen Schwäche, der Pakt mit dem Teufel, der glänzende Aufstieg und der schreckliche Fall – anhand von Motiven aus verschiedenen literarischen Quellen wird die unglaubliche Biografie des Wittenberger Doktors vorgestellt. Nur eine alte Geschichte? Oder so aktuell wie Cyborgs und Klonschafe?
</marc:subfield>
   </marc:datafield>
   <marc:datafield ind1=" " ind2=" " tag="020">
      <marc:subfield code="a">9783191016739</marc:subfield>
      <marc:subfield code="9">9783191016739</marc:subfield>
   </marc:datafield>
   <marc:datafield ind1=" " ind2=" " tag="041">
      <marc:subfield code="a">ger</marc:subfield>
   </marc:datafield>
   <marc:datafield ind1=" " ind2=" " tag="300">
      <marc:subfield code="a">56 S.</marc:subfield>
   </marc:datafield>
</marc:record>
